|
|
|
|
| LEADER |
01919nam a2200445 a 4500 |
| 001 |
EBC3001700 |
| 003 |
MiAaPQ |
| 005 |
20200520144314.0 |
| 006 |
m o d | |
| 007 |
cr cn||||||||| |
| 008 |
071120s2008 nyuad sb 001 0 eng d |
| 010 |
|
|
|z 2007048167
|
| 020 |
|
|
|z 9780875866000 (trade paper : alk. paper)
|
| 020 |
|
|
|z 9780875866017 (hard : alk. paper)
|
| 020 |
|
|
|a 9780875866024 (electronic bk.)
|
| 035 |
|
|
|a (MiAaPQ)EBC3001700
|
| 035 |
|
|
|a (Au-PeEL)EBL3001700
|
| 035 |
|
|
|a (CaPaEBR)ebr10476726
|
| 035 |
|
|
|a (CaONFJC)MIL179374
|
| 035 |
|
|
|a (OCoLC)929146428
|
| 040 |
|
|
|a MiAaPQ
|c MiAaPQ
|d MiAaPQ
|
| 043 |
|
|
|a n-us---
|a e-uk---
|
| 050 |
|
4 |
|a HD4918
|b .W2647 2008
|
| 082 |
0 |
4 |
|a 331.2/30941
|2 22
|
| 100 |
1 |
|
|a Waltman, Jerold L.,
|d 1945-
|
| 245 |
1 |
0 |
|a Minimum wage policy in Great Britain and the United States
|h [electronic resource] /
|c Jerold Waltman.
|
| 260 |
|
|
|a New York :
|b Algora Pub.,
|c c2008.
|
| 300 |
|
|
|a xv, 228 p. :
|b ill. (some col.)
|
| 504 |
|
|
|a Includes bibliographical references and index.
|
| 505 |
0 |
|
|a The political economy of the minimum wage -- Origins -- Decay, death, and rebirth -- The national minimum wage in operation -- State and local minimum wage policies -- The living wage campaign.
|
| 533 |
|
|
|a Electronic reproduction. Ann Arbor, MI : ProQuest, 2015. Available via World Wide Web. Access may be limited to ProQuest affiliated libraries.
|
| 650 |
|
0 |
|a Minimum wage
|z United States.
|
| 650 |
|
0 |
|a Minimum wage
|x Law and legislation
|z United States.
|
| 650 |
|
0 |
|a Minimum wage
|x Government policy
|z United States.
|
| 650 |
|
0 |
|a Minimum wage
|z Great Britain.
|
| 650 |
|
0 |
|a Minimum wage
|x Law and legislation
|z Great Britain.
|
| 650 |
|
0 |
|a Minimum wage
|x Government policy
|z Great Britain.
|
| 655 |
|
4 |
|a Electronic books.
|
| 710 |
2 |
|
|a ProQuest (Firm)
|
| 856 |
4 |
0 |
|u https://ebookcentral.proquest.com/lib/matrademy/detail.action?docID=3001700
|z Click to View
|